| 000 | 00366nam a2200109Ia 4500 | ||
|---|---|---|---|
| 008 | 200922s9999 xx 000 0 und d | ||
| 020 | _a978-971-9676-52-2 | ||
| 100 | _aOlubia, Leandro T. | ||
| 245 |
_cLeandro T. Olubia _aThesis proposal in education _b(a self-engaging approach)/ |
||
| 260 |
_aManila: _bJimczyville Publications _c2017 |
||
| 300 |
_avi, 178 pages _c22 cm. |
||
| 999 |
_c364401 _d364401 |
||